Számelméleti függvények és alkalmazásuk
Elmentve itt :
| Szerző: | |
|---|---|
| További közreműködők: | |
| Dokumentumtípus: | Szakdolgozat |
| Megjelent: |
1994
|
| Tárgyszavak: | |
| Online Access: | http://diploma.bibl.u-szeged.hu/121237 |
| LEADER | 00598nta a2200181 i 4500 | ||
|---|---|---|---|
| 001 | dipl121237 | ||
| 005 | 20230726143324.0 | ||
| 008 | 220126s1994 hu om 0|| hun d | ||
| 040 | |a SZTE Diploma Repozitórium |b hun | ||
| 041 | |a hun | ||
| 100 | 1 | |a Krum Eszter | |
| 245 | 1 | 0 | |a Számelméleti függvények és alkalmazásuk |h [elektronikus dokumentum] / |c Eszter Krum |
| 260 | |c 1994 | ||
| 650 | 4 | |a Pedagógusképzés | |
| 650 | 4 | |a Mathematics | |
| 650 | 4 | |a Educational sciences | |
| 700 | 1 | |a Tóth Balázs |e ths | |
| 856 | 4 | 0 | |u https://diploma.bibl.u-szeged.hu/id/eprint/121237/1/1994_krum_eszter.pdf |z Dokumentum-elérés |